000 00295nam a22001337a 4500
008 170519b xxu||||| |||| 00| 0 eng d
020 _a9780073330150
041 _aeng
080 _26 ED
_a94
100 _a16
101 _aSHHH
245 _aNATIONS OF NATIONS
_cDELAY.B
942 _2udc
_cBK
999 _c13499
_d13499